Дело о ремонте казённых зданий Люблинской губернии в 1874 году

Доступно только в Электронных читальных залах Найти на картеНа карте
RUSMARC
00004091nmc2a22000003x 450
00150e4e3af-0d1a-4e8f-a2ac-f736362ef6c7
00520210420165718.0
100##$a20190327l18731875k l0rusy0189 ca
1010#$arus
102##$aRU
2001#$aДело о ремонте казённых зданий Люблинской губернии в 1874 году
$j14 января 1873 г. - 6 марта 1875 г.
$hЧасть 24
251##$cДело
300##$aДело
300##$aОриг. заголовок дела: Дело о ремонте казённых зданий Люблинской губернии в 1874 году. Часть 25. 14 января 1873 г. - 6 марта 1875 г
801#0$aRU
$bРГИА
$c20190327
$gRCR
801#1$aRU
$bГлавНИВЦ
$c20190327
$2rusmarc
801#2$aRU
$bПБ им. Б.Н. Ельцина
$c20210420
$gRCR
$2rusmarc
850##$aРГИА
852##$aРГИА
$eФедеральное казенное учреждение "Российский государственный исторический архив" (РГИА)
$j906
937##$hРГИА
$d12311559
$aASBIBLIO_SCAN
462#0$10014af67a45-48db-4e4b-9cc3-13b4608e89f1
$12001
$aДела Департамента полиции исполнительной МВД за 1873 год
$1251
$cОпись
$1852
$j34
$l1873 г.
461#0$10013e300ed0-cd39-49af-8489-5ba5b90fa401
$12001
$aДепартамент полиции исполнительной МВД (1811-1880)
$1251
$cФонд
$1852
$j1286
215##$a15 л.
$d36,5х26 см
371##$aДокумент не является опубликованным и широко распространяемым
105##$ay###
1222#$ad
5171#$aДело о ремонте казённых зданий Люблинской губернии в 1874 году. Часть 25. 14 января 1873 г. - 6 марта 1875 г
035##$a50e4e3af-0d1a-4e8f-a2ac-f736362ef6c7
856##$uhttp://readingroom.main.prlib.ru/item.aspx?id_node=n162775780&mode=full
Формат отображения